Η διαχρονική εξέλιξη της προσέγγισης της ετικέτας

Αποθηκεύτηκε σε:
Λεπτομέρειες βιβλιογραφικής εγγραφής
Κύριος συγγραφέας: Αρχιμανδρίτου, Μαρία
Μορφή: Βιβλίο
Γλώσσα:Greek
Δημοσίευση: Θεσσαλονίκη : Σάκκουλα, c1996
Θέματα:
Ετικέτες: Προσθήκη ετικέτας
Δεν υπάρχουν, Καταχωρήστε ετικέτα πρώτοι!

MARC

LEADER 00000cam a2200000 i 4500
001 1/35342
008 061010s1996 gre d
020 |a 960-301-260-2 
035 |l 10085505 
040 |a GR-MY-UA  |b gre  |e aacr 
041 0 |a gre 
082 0 |a 302.542  |2 (22) 
100 1 |a Αρχιμανδρίτου, Μαρία. 
245 1 2 |a Η διαχρονική εξέλιξη της προσέγγισης της ετικέτας /  |c Μαρία Αρχιμανδρίτου 
260 |a Θεσσαλονίκη :   |b Σάκκουλα,   |c c1996 
300 |a x,160 σ.;  |c 22 εκ. 
504 |a Περιλαμβάνει βιβλιογραφία 
650 0 0 |a Deviant behavior  |x Labeling theory. 
650 0 0 |a Social problems. 
650 0 0 |a Social control. 
852 |a INST  |b CHIOS  |e 20061010  |h 302.542 ΑΡΧ  |p 005200027054  |q 005200027054  |t BK  |y 0 
901 |a BIBL2-2006-3 
909 |a Χ  |b 120256 
970 |a ΒΑΣΙΛΑΚΗ  |b ΝΙΚΗ  |z 2006/10/10